[Event "44. Torneo Villa de Mislata - B"]
[Site "Mislata ESP"]
[Date "2010.08.16"]
[Round "1.1"]
[White "Rasskin Friederichs, Ivan"]
[Black "Capella Gimenez, Jose M"]
[Result "0-1"]
[WhiteElo "1905"]
[BlackElo "2095"]
[PlyCount "136"]
[EventDate "2010.08.16"]
[EventType "swiss"]
[EventRounds "9"]
[EventCountry "ESP"]
[Source "lmi"]
[SourceDate "2010.08.16"]

1. e4 c6 2. Nc3 g6 3. g3 Bg7 4. Bg2 d6 5. f4 e5 6. Nf3 exf4 7. gxf4 Qb6 8. d4
Bg4 9. Ne2 Nd7 10. h3 Bh5 11. c3 Rd8 12. Ng3 Ngf6 13. e5 Bxf3 14. Qxf3 dxe5 15.
fxe5 Nd5 16. h4 h5 17. O-O O-O 18. Kh1 Qc7 19. Nxh5 gxh5 20. Qxh5 Nxe5 21. dxe5
Qxe5 22. Qxe5 Bxe5 23. Bh3 Kh8 24. Rf5 Bg7 25. Rh5+ Kg8 26. Bh6 Rd6 27. Bxg7
Kxg7 28. Bf5 Rg8 29. Rd1 Rgd8 30. Rh7+ Kf6 31. Bh3 Nf4 32. Rh6+ Ng6 33. Rf1+
Kg7 34. Rh5 Rd1 35. Rg5 Rxf1+ 36. Bxf1 Rd1 37. Rg1 Kh6 38. h5 Nf4 39. Bc4 Rxg1+
40. Kxg1 f6 41. Kf2 Kxh5 42. Ke3 Kg5 43. Kd4 b6 44. a4 Kf5 45. Bf7 Ne6+ 46. Kc4
Ke5 47. b4 f5 48. Be8 Kd6 49. a5 f4 50. axb6 axb6 51. Kd3 Nc7 52. Bh5 Ke5 53.
Bf3 Nd5 54. Kd2 c5 55. bxc5 bxc5 56. Kc2 c4 57. Kb2 Ne3 58. Ka3 Nf1 59. Kb4 Nd2
60. Bc6 Kf5 61. Kc5 Kg4 62. Kd4 Kg3 63. Bd5 f3 64. Bxc4 Nxc4 65. Kxc4 f2 66.
Kd5 f1=Q 67. c4 Qf8 68. Kc6 Qc8+ 0-1

[Event "44. Torneo Villa de Mislata - B"]
[Site "Mislata ESP"]
[Date "2010.08.16"]
[Round "1.2"]
[White "Martinez Piqueras, Carlos"]
[Black "Romero Gomez, Juan Carlos"]
[Result "1-0"]
[WhiteElo "2090"]
[BlackElo "1899"]
[PlyCount "69"]
[EventDate "2010.08.16"]
[EventType "swiss"]
[EventRounds "9"]
[EventCountry "ESP"]
[Source "lmi"]
[SourceDate "2010.08.16"]

1. d4 d5 2. c4 c6 3. Nf3 Nf6 4. Qc2 e6 5. g3 Nbd7 6. Bg2 Bd6 7. Nbd2 O-O 8. O-O
Re8 9. b3 Qa5 10. Bb2 Ba3 11. Bxa3 Qxa3 12. e4 dxe4 13. Nxe4 Nxe4 14. Qxe4 Nf6
15. Qc2 Rd8 16. Rad1 Bd7 17. Ne5 Be8 18. Rfe1 Rd6 19. c5 Rdd8 20. Nc4 Qa6 21.
Nd6 b5 22. a4 bxa4 23. bxa4 Rab8 24. Rb1 Nd5 25. Bxd5 cxd5 26. Rxb8 Rxb8 27.
Rb1 Rd8 28. Nxe8 Rxe8 29. c6 g6 30. c7 Kg7 31. Rb8 Rc8 32. Rxc8 Qxc8 33. Qc5
Kf6 34. Kg2 a6 35. Qd6 1-0

[Event "44. Torneo Villa de Mislata - B"]
[Site "Mislata ESP"]
[Date "2010.08.16"]
[Round "1.3"]
[White "Pradas Soria, Ernesto"]
[Black "Gomez Benitez, David"]
[Result "0-1"]
[WhiteElo "1896"]
[BlackElo "2083"]
[PlyCount "48"]
[EventDate "2010.08.16"]
[EventType "swiss"]
[EventRounds "9"]
[EventCountry "ESP"]
[Source "lmi"]
[SourceDate "2010.08.16"]

1. e4 d5 2. exd5 Qxd5 3. Nc3 Qd6 4. Nf3 Nf6 5. d4 a6 6. Bd3 Bg4 7. h3 Bh5 8. g4
Bg6 9. Bxg6 hxg6 10. Ne5 Nc6 11. Nxc6 Qxc6 12. d5 Qc5 13. Qf3 e5 14. b3 Qd4 15.
Bd2 O-O-O 16. Rd1 e4 17. Qe3 Qxe3+ 18. Bxe3 Bb4 19. Bd2 Nxg4 20. Ke2 Nf6 21. h4
Nh5 22. Ke3 f5 23. f4 Bc5+ 24. Ke2 Ng3+ 0-1

[Event "44. Torneo Villa de Mislata - B"]
[Site "Mislata ESP"]
[Date "2010.08.16"]
[Round "1.4"]
[White "Olaru, Daniel"]
[Black "Arnal Legua, Vicente"]
[Result "1-0"]
[WhiteElo "2067"]
[BlackElo "1892"]
[PlyCount "49"]
[EventDate "2010.08.16"]
[EventType "swiss"]
[EventRounds "9"]
[EventCountry "ESP"]
[Source "lmi"]
[SourceDate "2010.08.16"]

1. d4 Nf6 2. Nf3 d5 3. Bf4 Bg4 4. Ne5 Bf5 5. e3 Nbd7 6. g4 Bg6 7. h4 h6 8. Nxg6
fxg6 9. Bd3 Kf7 10. Qf3 Kg8 11. Bxg6 e6 12. g5 Ne4 13. Bxc7 Qe7 14. c3 hxg5 15.
hxg5 Nxg5 16. Rxh8+ Kxh8 17. Qh5+ Kg8 18. Bf4 Nf6 19. Qxg5 Nh7 20. Qh5 Nf6 21.
Qh3 Qd7 22. Nd2 Bd6 23. Be5 Bxe5 24. dxe5 Ne8 25. Nf3 1-0

[Event "44. Torneo Villa de Mislata - B"]
[Site "Mislata ESP"]
[Date "2010.08.16"]
[Round "1.5"]
[White "Garcia Martinez, Cesar"]
[Black "Martinez Crespo, Juan"]
[Result "1-0"]
[WhiteElo "2035"]
[BlackElo "1864"]
[PlyCount "69"]
[EventDate "2010.08.16"]
[EventType "swiss"]
[EventRounds "9"]
[EventCountry "ESP"]
[Source "lmi"]
[SourceDate "2010.08.16"]

1. e4 e5 2. Nf3 Nf6 3. Nxe5 d6 4. Nf3 Nxe4 5. d4 d5 6. Bd3 Be7 7. O-O Nc6 8. c4
Nb4 9. Nc3 Bf5 10. cxd5 Nxc3 11. bxc3 Nxd3 12. c4 O-O 13. Ne5 Nxe5 14. dxe5 Bc5
15. Bb2 Qh4 16. Qb3 Be4 17. Rac1 Qg4 18. Qg3 Qxg3 19. hxg3 Rad8 20. a4 a6 21.
g4 h6 22. Rfe1 Bg6 23. Re2 Rfe8 24. Kh2 c6 25. f4 Bd3 26. Ree1 cxd5 27. cxd5
Bb4 28. Bc3 Ba3 29. Rcd1 Bc4 30. f5 Rc8 31. d6 Red8 32. Ba5 Rd7 33. Bc7 b5 34.
e6 fxe6 35. fxe6 1-0

[Event "44. Torneo Villa de Mislata - B"]
[Site "Mislata ESP"]
[Date "2010.08.16"]
[Round "1.6"]
[White "Moreno Antonio, Mario"]
[Black "Romero Serrate, Ignacio"]
[Result "1-0"]
[WhiteElo "1863"]
[BlackElo "2033"]
[PlyCount "76"]
[EventDate "2010.08.16"]
[EventType "swiss"]
[EventRounds "9"]
[EventCountry "ESP"]
[Source "lmi"]
[SourceDate "2010.08.16"]

1. d4 d5 2. Nf3 c6 3. Nbd2 f5 4. Ne5 Nf6 5. e3 e6 6. Be2 Nbd7 7. Ndf3 Bd6 8.
O-O Qc7 9. Nd3 Ne4 10. h4 O-O 11. b4 a5 12. Bd2 Nxd2 13. Qxd2 axb4 14. Nxb4 f4
15. c4 fxe3 16. fxe3 Nf6 17. Qb2 Ne4 18. c5 Bg3 19. Nd3 Qe7 20. Nde5 Bxe5 21.
Nxe5 Rxf1+ 22. Rxf1 Qxh4 23. Nf3 Qh6 24. Qb6 Qxe3+ 25. Kh2 h6 26. Bd1 Qf4+ 27.
Kg1 Ng3 28. Rf2 Qc1 29. Kh2 Ne4 30. Rf1 Qf4+ 31. Kg1 Qg3 32. Qd8+ Kh7 33. Bc2
Rxa2 34. Bxe4+ dxe4 35. Ne1 Ra8 36. Qe8 Qe3+ 37. Kh1 Qe2 38. Rf8 Qxe1+ 1-0

[Event "44. Torneo Villa de Mislata - B"]
[Site "Mislata ESP"]
[Date "2010.08.16"]
[Round "1.7"]
[White "Bixquert Jimenez, Francisco"]
[Black "Alonso Igual, Ignacio"]
[Result "1/2-1/2"]
[WhiteElo "1998"]
[BlackElo "1854"]
[PlyCount "71"]
[EventDate "2010.08.16"]
[EventType "swiss"]
[EventRounds "9"]
[EventCountry "ESP"]
[Source "lmi"]
[SourceDate "2010.08.16"]

1. d4 d5 2. Nf3 Nf6 3. c4 c6 4. e3 e6 5. Nc3 Nbd7 6. Qc2 Bd6 7. Bd3 O-O 8. O-O
dxc4 9. Bxc4 b5 10. Be2 Bb7 11. Rd1 a6 12. a3 Qc7 13. h3 e5 14. e4 Rfe8 15. Be3
exd4 16. Nxd4 c5 17. Nf5 Bh2+ 18. Kh1 Nxe4 19. Bf3 Nxc3 20. Rxd7 Qxd7 21. Bxb7
Qxb7 22. Kxh2 Qe4 23. Rc1 Qxc2 24. Rxc2 Ne4 25. f3 Nf6 26. Bxc5 h6 27. Bd4 Re6
28. Rc7 Rd8 29. Bc3 Rd7 30. Rc8+ Kh7 31. Nd4 Red6 32. Nf5 Rd5 33. Ne3 Rd3 34.
Nf5 R3d5 35. Ne3 Rd3 36. Nf5 1/2-1/2

[Event "44. Torneo Villa de Mislata - B"]
[Site "Mislata ESP"]
[Date "2010.08.16"]
[Round "1.8"]
[White "Mingarro Carceller, Sergi"]
[Black "Sanchiz Marti, Josep Miquel"]
[Result "0-1"]
[WhiteElo "1826"]
[BlackElo "1993"]
[PlyCount "78"]
[EventDate "2010.08.16"]
[EventType "swiss"]
[EventRounds "9"]
[EventCountry "ESP"]
[Source "lmi"]
[SourceDate "2010.08.16"]

1. e4 g6 2. d4 d6 3. Nc3 Bg7 4. Be3 Nd7 5. Qd2 a6 6. f3 b5 7. g4 Bb7 8. h4 h6
9. Nh3 Rc8 10. Bg2 e6 11. h5 g5 12. f4 gxf4 13. Bxf4 e5 14. Be3 exd4 15. Bxd4
Bxd4 16. Qxd4 Qf6 17. Qd2 b4 18. Na4 Bc6 19. Qxb4 Rb8 20. Qa3 Qd4 21. Nc3 Ngf6
22. Ne2 Qxb2 23. Qxb2 Rxb2 24. Nd4 Bxe4 25. Bxe4 Nxe4 26. Kd1 Rb4 27. Nf5 Ne5
28. Re1 Nf6 29. c3 Rb2 30. g5 hxg5 31. Nxg5 Rf2 32. Rb1 Kd7 33. Ng3 Nd5 34.
N5e4 Rxa2 35. Re2 Rxe2 36. Kxe2 f5 37. Nxf5 Rxh5 38. Rf1 Rh2+ 39. Nf2 Nxc3+ 0-1

[Event "44. Torneo Villa de Mislata - B"]
[Site "Mislata ESP"]
[Date "2010.08.16"]
[Round "1.9"]
[White "Perez Garcia, Jose Miguel"]
[Black "Tormos Beltran, Maria Teresa"]
[Result "1-0"]
[WhiteElo "1988"]
[BlackElo "1805"]
[PlyCount "93"]
[EventDate "2010.08.16"]
[EventType "swiss"]
[EventRounds "9"]
[EventCountry "ESP"]
[Source "lmi"]
[SourceDate "2010.08.16"]

1. d4 Nf6 2. Nf3 d6 3. c4 g6 4. Nc3 Bg7 5. e4 O-O 6. Be2 e5 7. d5 a5 8. Bg5 h6
9. Bh4 Nbd7 10. Nd2 Nc5 11. O-O Qd7 12. Rb1 Nh7 13. Kh1 Bf6 14. Bg3 Qe7 15. f3
Bh4 16. Bxh4 Qxh4 17. Qe1 Qxe1 18. Rfxe1 Bd7 19. b3 f5 20. Kg1 Nf6 21. Bd1 Rab8
22. Bc2 fxe4 23. Ndxe4 Ncxe4 24. Nxe4 Nxe4 25. Bxe4 Bf5 26. Bxf5 Rxf5 27. Rbc1
b6 28. a3 Rf7 29. b4 axb4 30. axb4 Kg7 31. Kf2 Re8 32. Ke3 g5 33. Kd3 Ref8 34.
Ra1 Kf6 35. Ra7 Rc8 36. Rea1 Re7 37. R1a6 Rce8 38. Ke4 Kg6 39. c5 bxc5 40. bxc5
Rf7 41. cxd6 Rf4+ 42. Ke3 cxd6 43. Rxd6+ Rf6 44. Rxf6+ Kxf6 45. Ra6+ Kg7 46.
Ke4 h5 47. Re6 1-0

[Event "44. Torneo Villa de Mislata - B"]
[Site "Mislata ESP"]
[Date "2010.08.16"]
[Round "1.10"]
[White "Gimenez Ruiz, Jesus"]
[Black "Martinez Hernandez, Javier"]
[Result "0-1"]
[WhiteElo "1805"]
[BlackElo "1987"]
[PlyCount "38"]
[EventDate "2010.08.16"]
[EventType "swiss"]
[EventRounds "9"]
[EventCountry "ESP"]
[Source "lmi"]
[SourceDate "2010.08.16"]

1. d4 Nf6 2. Nf3 g6 3. c3 Bg7 4. Bf4 O-O 5. h3 d6 6. e3 Nbd7 7. Bc4 Ne4 8. Nbd2
Ndf6 9. O-O d5 10. Be2 h6 11. Nxe4 Nxe4 12. Be5 e6 13. Bxg7 Kxg7 14. Nd2 b6 15.
Nxe4 dxe4 16. f3 Qg5 17. fxe4 Qxe3+ 18. Kh1 Bb7 19. e5 Qxh3+ 0-1

[Event "44. Torneo Villa de Mislata - B"]
[Site "Mislata ESP"]
[Date "2010.08.17"]
[Round "2.1"]
[White "Aguilar Guillamont, Jesus"]
[Black "Martinez Piqueras, Carlos"]
[Result "0-1"]
[WhiteElo "1943"]
[BlackElo "2090"]
[PlyCount "70"]
[EventDate "2010.08.16"]
[EventType "swiss"]
[EventRounds "9"]
[EventCountry "ESP"]
[Source "lmi"]
[SourceDate "2010.08.16"]

1. c4 c6 2. e4 d5 3. exd5 cxd5 4. d4 Nf6 5. Nc3 Nc6 6. Nf3 e6 7. Bg5 Be7 8. c5
O-O 9. Bb5 h6 10. Bh4 Ne4 11. Bxe7 Nxe7 12. O-O b6 13. Nxe4 dxe4 14. Ne5 bxc5
15. dxc5 Rb8 16. Ba4 Rxb2 17. Bb3 Rd2 18. Qg4 Qd4 19. Nc4 Rxf2 20. Rxf2 Qxa1+
21. Rf1 Qd4+ 22. Kh1 Qxc5 23. Qxe4 Ba6 24. Rf4 Qd5 25. Qe3 Bb7 26. Qf2 Rc8 27.
h3 Nf5 28. Rg4 Qd3 29. Kh2 h5 30. Rf4 Bd5 31. Ne5 Qc3 32. Rxf5 exf5 33. Qxf5
Bxb3 34. axb3 Qc7 35. Kh1 Rd8 0-1

[Event "44. Torneo Villa de Mislata - B"]
[Site "Mislata ESP"]
[Date "2010.08.17"]
[Round "2.2"]
[White "Gomez Benitez, David"]
[Black "Segarra Martinez, Axel"]
[Result "1-0"]
[WhiteElo "2083"]
[BlackElo "1956"]
[PlyCount "119"]
[EventDate "2010.08.16"]
[EventType "swiss"]
[EventRounds "9"]
[EventCountry "ESP"]
[Source "lmi"]
[SourceDate "2010.08.16"]

1. Nc3 d5 2. e4 d4 3. Nce2 e5 4. Nf3 Nc6 5. Ng3 Bg4 6. Bc4 Qd7 7. h3 Be6 8.
Bxe6 Qxe6 9. O-O f6 10. d3 O-O-O 11. c3 g5 12. cxd4 exd4 13. Re1 Bb4 14. Re2 g4
15. hxg4 Qxg4 16. a3 Bd6 17. Nf5 Be5 18. b4 Nge7 19. Nh6 Qh5 20. Rc2 Bh2+ 21.
Kf1 Ne5 22. Qe2 Nxf3 23. Qxf3 Qxf3 24. gxf3 Rhf8 25. Bd2 Ng6 26. Nf5 Rf7 27.
Nh6 Rff8 28. Rac1 Rd7 29. Nf5 Bf4 30. Nh4 Bxd2 31. Nxg6 hxg6 32. Rxd2 Rh8 33.
Rdc2 Kd8 34. Ke2 g5 35. Rc5 Rhh7 36. a4 Rhe7 37. Rf5 Rd6 38. Rcc5 Kd7 39. b5
Ree6 40. Kd2 b6 41. Rcd5 c6 42. Rxd6+ Rxd6 43. e5 Rd5 44. bxc6+ Kxc6 45. Rxf6+
Kc5 46. Rf5 Kb4 47. Rxg5 Kxa4 48. f4 Rd8 49. e6 b5 50. e7 Re8 51. Re5 b4 52.
Kc2 b3+ 53. Kb2 a5 54. f5 Kb4 55. f6 a4 56. f7 a3+ 57. Kb1 Rc8 58. Re2 a2+ 59.
Rxa2 bxa2+ 60. Kxa2 1-0

[Event "44. Torneo Villa de Mislata - B"]
[Site "Mislata ESP"]
[Date "2010.08.17"]
[Round "2.3"]
[White "Moya Sapena, Juan"]
[Black "Olaru, Daniel"]
[Result "0-1"]
[WhiteElo "1938"]
[BlackElo "2067"]
[PlyCount "132"]
[EventDate "2010.08.16"]
[EventType "swiss"]
[EventRounds "9"]
[EventCountry "ESP"]
[Source "lmi"]
[SourceDate "2010.08.16"]

1. d4 g6 2. Bf4 d6 3. e3 Bg7 4. Nf3 Nf6 5. h3 O-O 6. Bc4 c5 7. c3 Nbd7 8. O-O
b6 9. Nbd2 Bb7 10. Qe2 h6 11. Rfd1 Nd5 12. Bh2 Nc7 13. Rac1 Rb8 14. Nb1 b5 15.
Bd3 a6 16. Nbd2 Ne6 17. b4 cxb4 18. cxb4 Nb6 19. Nb3 Qd7 20. Rc2 Rfc8 21. Rdc1
Rxc2 22. Rxc2 Rc8 23. Rxc8+ Qxc8 24. Qc2 Qxc2 25. Bxc2 Nd8 26. Nfd2 Nc6 27. a3
Kf8 28. Be4 Ke8 29. Kf1 Kd7 30. f3 e6 31. Bg1 Nc4 32. Nb1 Kc7 33. Ke2 Bf8 34.
Bf2 d5 35. Bg3+ Kb6 36. Bd3 a5 37. Bxc4 bxc4 38. bxa5+ Nxa5 39. Nxa5 Kxa5 40.
Kd2 Ka4 41. Kc3 Ba6 42. e4 dxe4 43. fxe4 Bb7 44. Kxc4 Ba6+ 45. Kc3 Bf1 46. d5
exd5 47. exd5 Bxg2 48. h4 Bxd5 49. Kd4 Be6 50. Ke5 Be7 51. Bf2 h5 52. Be1 Kb3
53. Nd2+ Kxa3 54. Ne4 Kb2 55. Ng5 Ba2 56. Nf3 Kc1 57. Nd4 Kd1 58. Bg3 Kd2 59.
Nc6 f6+ 60. Ke4 Ba3 61. Nd4 Bb2 62. Bf4+ Ke1 63. Nf3+ Kf2 64. Be3+ Kg3 65. Bf4+
Kg4 66. Bc7 Bd5+ 0-1

[Event "44. Torneo Villa de Mislata - B"]
[Site "Mislata ESP"]
[Date "2010.08.17"]
[Round "2.4"]
[White "Romero Serrate, Ignacio"]
[Black "Leon Colan, Carlos Edmundo"]
[Result "1-0"]
[WhiteElo "2033"]
[BlackElo "1926"]
[PlyCount "67"]
[EventDate "2010.08.16"]
[EventType "swiss"]
[EventRounds "9"]
[EventCountry "ESP"]
[Source "lmi"]
[SourceDate "2010.08.16"]

1. d4 d5 2. Nf3 e6 3. c4 c6 4. e3 f5 5. Bd3 Nf6 6. O-O Bd6 7. b3 O-O 8. Ba3
Bxa3 9. Nxa3 Qd6 10. c5 Qe7 11. Ne5 Nfd7 12. f4 b6 13. Nxd7 Nxd7 14. b4 Bb7 15.
Nc2 b5 16. a4 a6 17. Qe2 Qd8 18. Rfb1 Qc7 19. Ne1 g6 20. Nf3 h6 21. Nh4 Kg7 22.
Nf3 Rh8 23. h3 Kf6 24. axb5 axb5 25. Qf2 Kg7 26. Qh4 Qd8 27. Qg3 Qf6 28. Nd2
Rxa1 29. Rxa1 Ra8 30. Rxa8 Bxa8 31. Qe1 Qd8 32. Qa1 Bb7 33. Nb3 Bc8 34. Na5 1-0

[Event "44. Torneo Villa de Mislata - B"]
[Site "Mislata ESP"]
[Date "2010.08.17"]
[Round "2.5"]
[White "Sanchiz Marti, Josep Miquel"]
[Black "Llamazares Lopez, Marcos"]
[Result "0-1"]
[WhiteElo "1993"]
[BlackElo "1923"]
[PlyCount "164"]
[EventDate "2010.08.16"]
[EventType "swiss"]
[EventRounds "9"]
[EventCountry "ESP"]
[Source "lmi"]
[SourceDate "2010.08.16"]

1. d4 d5 2. c4 c6 3. Nc3 Nf6 4. Nf3 Bf5 5. cxd5 cxd5 6. Qb3 Qb6 7. Nxd5 Qxb3 8.
Nxf6+ exf6 9. axb3 Bc2 10. Bd2 Bxb3 11. e4 Nd7 12. Bb5 a6 13. O-O Rc8 14. Bd3
Be7 15. Nh4 g6 16. Bh6 Bb4 17. Nf3 Ke7 18. Rfc1 Nb6 19. d5 Na4 20. Nd4 Nxb2 21.
Bf1 Bc4 22. Rcb1 Bc3 23. Ne2 Bxe2 24. Bxe2 g5 25. h4 Rhg8 26. hxg5 fxg5 27. f4
Bd4+ 28. Kf1 f6 29. e5 gxf4 30. exf6+ Bxf6 31. Bxf4 Rcf8 32. Bf3 Bd4 33. Bc1
Rxf3+ 34. gxf3 Rg1+ 35. Ke2 Rg2+ 36. Kf1 Rg1+ 37. Ke2 Rg2+ 38. Ke1 Nd3+ 39. Kd1
Bxa1 40. Ba3+ Kf6 41. Rxb7 Bc3 42. Bc1 Rg1+ 43. Kc2 Rxc1+ 44. Kxd3 Ke5 45. d6
Kxd6 46. Rb6+ Kd5 47. Rxa6 Be5 48. Rh6 Rc7 49. Rh5 Ke6 50. Ke4 Bf6 51. f4 Rg7
52. f5+ Kf7 53. Kf4 h6 54. Rh1 Kg8 55. Rh5 Kh7 56. Rh1 Rb7 57. Ke4 Rd7 58. Rh5
Rd4+ 59. Ke3 Rg4 60. Rh1 Bg5+ 61. Kd3 Rf4 62. Rh3 Rxf5 63. Ke4 Rf1 64. Rf3 Ra1
65. Kf5 Ra5+ 66. Kg4 Kg6 67. Rb3 Ra4+ 68. Kg3 h5 69. Rb6+ Bf6 70. Rb3 h4+ 71.
Kh3 Kh5 72. Rb5+ Bg5 73. Rb3 Ra1 74. Rd3 Ra5 75. Rb3 Bf4 76. Rb7 Ra3+ 77. Kg2
Kg4 78. Rg7+ Bg5 79. Rb7 Ra2+ 80. Kh1 Bf4 81. Rg7+ Kh3 82. Kg1 Bg3 0-1

[Event "44. Torneo Villa de Mislata - B"]
[Site "Mislata ESP"]
[Date "2010.08.17"]
[Round "2.6"]
[White "Perales Arona, Joaquin"]
[Black "Perez Garcia, Jose Miguel"]
[Result "1/2-1/2"]
[WhiteElo "1919"]
[BlackElo "1988"]
[PlyCount "56"]
[EventDate "2010.08.16"]
[EventType "swiss"]
[EventRounds "9"]
[EventCountry "ESP"]
[Source "lmi"]
[SourceDate "2010.08.16"]

1. e4 c5 2. Nc3 e6 3. g3 Nc6 4. Bg2 g6 5. d3 Bg7 6. Be3 d6 7. Nge2 Nge7 8. O-O
O-O 9. Qd2 Bd7 10. Bh6 f6 11. Bxg7 Kxg7 12. f4 Rb8 13. Kh1 Nd4 14. g4 Nec6 15.
Ng3 f5 16. g5 e5 17. Nd5 exf4 18. Nxf4 fxe4 19. dxe4 Qxg5 20. c3 Rxf4 21. Rxf4
Ne6 22. Rf2 Qxd2 23. Rxd2 Kf7 24. Rxd6 Ne5 25. Rad1 Ke7 26. Ne2 Bc6 27. b3 Rf8
28. Kg1 Nf3+ 1/2-1/2

[Event "44. Torneo Villa de Mislata - B"]
[Site "Mislata ESP"]
[Date "2010.08.17"]
[Round "2.7"]
[White "Martinez Hernandez, Javier"]
[Black "Zurita Garcia, Marcel"]
[Result "1-0"]
[WhiteElo "1987"]
[BlackElo "1767"]
[PlyCount "71"]
[EventDate "2010.08.16"]
[EventType "swiss"]
[EventRounds "9"]
[EventCountry "ESP"]
[Source "lmi"]
[SourceDate "2010.08.16"]

1. Nf3 Nf6 2. c4 c6 3. d4 d5 4. e3 e6 5. Nc3 Be7 6. Be2 Nbd7 7. O-O O-O 8. b3
b6 9. cxd5 cxd5 10. Bb2 Bb7 11. Rc1 Rc8 12. Ne5 Bb4 13. Nb5 a6 14. a3 Be7 15.
Na7 Rxc1 16. Qxc1 Qa8 17. Nac6 Bd6 18. Nxd7 Nxd7 19. Ne5 Bxe5 20. dxe5 b5 21.
Bd4 Rc8 22. Qb1 Qb8 23. f4 g6 24. Rc1 Rc7 25. Bd3 Qc8 26. Rxc7 Qxc7 27. Qc2
Qxc2 28. Bxc2 Kf8 29. Kf2 Ke7 30. h4 Kf8 31. g4 Kg7 32. b4 Nb8 33. Ke2 Nd7 34.
Kf3 Bc6 35. f5 Kg8 36. Kf4 1-0

[Event "44. Torneo Villa de Mislata - B"]
[Site "Mislata ESP"]
[Date "2010.08.17"]
[Round "2.9"]
[White "Echeverria, Nestor"]
[Black "Cortell Canet, Miguel"]
[Result "1-0"]
[WhiteElo "2055"]
[BlackElo "1926"]
[PlyCount "51"]
[EventDate "2010.08.16"]
[EventType "swiss"]
[EventRounds "9"]
[EventCountry "ESP"]
[Source "lmi"]
[SourceDate "2010.08.16"]

1. d4 d5 2. Nf3 Nf6 3. Bf4 e6 4. Nbd2 Bd6 5. e3 O-O 6. Bd3 Nbd7 7. Ne5 Qe7 8.
Qf3 c5 9. c3 cxd4 10. exd4 Ne8 11. O-O f6 12. Bxh7+ Kxh7 13. Qh3+ Kg8 14. Ng6
Qd8 15. Qxe6+ Kh7 16. Nxf8+ Nxf8 17. Qxd5 Be6 18. Qh5+ Kg8 19. Bxd6 Qxd6 20.
Rfe1 Qb6 21. b3 Nd6 22. Re3 Rc8 23. Rae1 Bf7 24. Qg4 Ng6 25. Nc4 Bxc4 26. bxc4
1-0

[Event "44. Torneo Villa de Mislata - B"]
[Site "Mislata ESP"]
[Date "2010.08.17"]
[Round "2.10"]
[White "Garcia Requena, Joan"]
[Black "Remolar Gallen, Jose"]
[Result "0-1"]
[WhiteElo "1708"]
[BlackElo "1983"]
[PlyCount "108"]
[EventDate "2010.08.16"]
[EventType "swiss"]
[EventRounds "9"]
[EventCountry "ESP"]
[Source "lmi"]
[SourceDate "2010.08.16"]

1. e4 g6 2. d4 Bg7 3. Nf3 c6 4. c4 d5 5. Nc3 dxe4 6. Nxe4 Bg4 7. Be3 Nh6 8. Ng3
f5 9. Be2 O-O 10. Qd2 Nf7 11. h3 Bxf3 12. Bxf3 e5 13. dxe5 Nxe5 14. Be2 Qh4 15.
Bg5 Nxc4 16. Bxh4 Nxd2 17. Kxd2 Bh6+ 18. Kc2 g5 19. Bc4+ Kh8 20. Be6 gxh4 21.
Nxf5 Rf6 22. Rae1 Na6 23. Nxh6 Rxh6 24. Bg4 Rf6 25. f3 Nb4+ 26. Kb1 Nd5 27.
Rhg1 Nf4 28. g3 hxg3 29. Rxg3 h5 30. Bd7 Rd8 31. Re7 Ng6 32. Re8+ Rxe8 33. Bxe8
Kh7 34. Kc2 Kh6 35. Rxg6+ Rxg6 36. Bxg6 Kxg6 37. Kd3 Kf5 38. Ke3 c5 39. a3 h4
40. b3 b5 41. a4 a6 42. a5 Ke5 43. f4+ Kf5 44. Kf3 c4 45. bxc4 bxc4 46. Ke3 c3
47. Kd3 Kxf4 48. Kxc3 Kg3 49. Kb4 Kxh3 50. Kc5 Kg4 51. Kb6 h3 52. Kxa6 h2 53.
Ka7 h1=Q 54. a6 Qc6 0-1

[Event "44. Torneo Villa de Mislata - B"]
[Site "Mislata ESP"]
[Date "2010.08.17"]
[Round "3.1"]
[White "Martinez Piqueras, Carlos"]
[Black "Romero Serrate, Ignacio"]
[Result "1-0"]
[WhiteElo "2090"]
[BlackElo "2033"]
[PlyCount "45"]
[EventDate "2010.08.16"]
[EventType "swiss"]
[EventRounds "9"]
[EventCountry "ESP"]
[Source "lmi"]
[SourceDate "2010.08.16"]

1. d4 d5 2. c4 e6 3. Nc3 c6 4. Nf3 dxc4 5. a4 Bb4 6. Ne5 Qd5 7. e3 b5 8. Be2
Bxc3+ 9. bxc3 f6 10. Bf3 Qd6 11. Ba3 Qc7 12. Nxc6 Nxc6 13. axb5 Nge7 14. bxc6
Nd5 15. Qa4 a5 16. Qxc4 Ba6 17. Qc5 Rc8 18. c4 Nb6 19. Rc1 Kf7 20. O-O Rhd8 21.
Rfd1 g6 22. d5 e5 23. d6 1-0

[Event "44. Torneo Villa de Mislata - B"]
[Site "Mislata ESP"]
[Date "2010.08.17"]
[Round "3.2"]
[White "Llamazares Lopez, Marcos"]
[Black "Gomez Benitez, David"]
[Result "0-1"]
[WhiteElo "1923"]
[BlackElo "2083"]
[PlyCount "86"]
[EventDate "2010.08.16"]
[EventType "swiss"]
[EventRounds "9"]
[EventCountry "ESP"]
[Source "lmi"]
[SourceDate "2010.08.16"]

1. c4 e6 2. Nc3 d5 3. e4 d4 4. Nce2 c5 5. d3 Nc6 6. f4 Be7 7. Nf3 Nf6 8. h3 O-O
9. g3 Bd7 10. Bg2 Rb8 11. O-O a6 12. g4 Ne8 13. f5 exf5 14. gxf5 Bd6 15. Nf4
Nf6 16. Nd5 Nxd5 17. cxd5 Ne5 18. Nxe5 Bxe5 19. Qg4 Kh8 20. Bf4 f6 21. Qg3 Qe7
22. Bxe5 Qxe5 23. Qxe5 fxe5 24. Rac1 Rbc8 25. Rf2 Kg8 26. Kh2 Kf7 27. Kg3 Ke7
28. h4 Kd6 29. Bf1 b5 30. h5 Rf6 31. Kh4 g6 32. hxg6 hxg6 33. Kg5 Rcf8 34. Bh3
gxf5 35. Bxf5 Ke7 36. d6+ Kxd6 37. Rh1 c4 38. Rh7 Bxf5 39. Rxf5 Rxf5+ 40. exf5
cxd3 41. f6 d2 42. Rh1 e4 43. Kg6 Ke6 0-1

[Event "44. Torneo Villa de Mislata - B"]
[Site "Mislata ESP"]
[Date "2010.08.17"]
[Round "3.3"]
[White "Olaru, Daniel"]
[Black "Martinez Hernandez, Javier"]
[Result "1/2-1/2"]
[WhiteElo "2067"]
[BlackElo "1987"]
[PlyCount "140"]
[EventDate "2010.08.16"]
[EventType "swiss"]
[EventRounds "9"]
[EventCountry "ESP"]
[Source "lmi"]
[SourceDate "2010.08.16"]

1. d4 Nf6 2. Nf3 g6 3. g3 Bg7 4. Bg2 O-O 5. O-O d6 6. c4 Na6 7. Nc3 c5 8. h3
cxd4 9. Nxd4 Nc5 10. b4 Ne6 11. Bb2 Rb8 12. Nd5 Bd7 13. e4 a6 14. Rc1 Nxd5 15.
exd5 Nxd4 16. Bxd4 Bxd4 17. Qxd4 b6 18. Rfe1 Re8 19. h4 h5 20. Re3 e5 21. dxe6
Rxe6 22. Bd5 Rxe3 23. Qxe3 Qe8 24. Qf4 Qe7 25. Rd1 Rd8 26. Kh2 Be6 27. Re1 Rf8
28. Qh6 Qf6 29. Qe3 Bxd5 30. cxd5 Rc8 31. Qxb6 Rc2 32. Kg2 Rxa2 33. Re4 Kg7 34.
Rf4 Qe7 35. Qd4+ Qe5 36. Qc4 Rd2 37. Qxa6 Qxd5+ 38. Rf3 Rd4 39. Qa1 f6 40. Qc3
Kh6 41. Kh2 Qe5 42. Qc1+ Kg7 43. Qc7+ Kh6 44. Qf7 f5 45. b5 Rxh4+ 46. Kg2 Rb4
47. Re3 Re4 48. Qf8+ Kh7 49. Qf7+ Kh6 50. Qf8+ Kh7 51. Ra3 Qg7 52. Qxd6 Qb7 53.
f3 Qe7 54. Qxe7+ Rxe7 55. b6 Re2+ 56. Kh3 Rb2 57. Ra7+ Kh6 58. Ra6 Rb1 59. Kg2
Kg5 60. Kf2 Rb3 61. Ke2 h4 62. gxh4+ Kxh4 63. b7 Kg5 64. Ra7 Kf4 65. Kd2 Rb5
66. Kc2 g5 67. Ra4+ Kg3 68. Ra5 Rxb7 69. Rxf5 Rb4 70. Rxg5+ Kxf3 1/2-1/2